[Event "2025 National K-12 Grade Championship"]
[Site "Spokane, WI USA, United States"]
[Date "2025.12.13"]
[Round "4.1"]
[White "Liang, Yu-Cheng"]
[Black "Safranek, William"]
[Result "1/2-1/2"]
[TimeControl "G/90; d10"]
[WhiteTitle "CM"]
[BlackTitle "FM"]
[WhiteFideId "30958121"]
[BlackFideId "30919908"]
[WhiteElo "2200"]
[BlackElo "2343"]

1. Nf3 {[%emt 00:00:27]} f5 {[%clk 01:28:56]} {[%emt 00:00:49]} 2. g3 {[%clk
01:29:27]} {[%emt 00:00:43]} Nf6 {[%clk 01:28:56]} {[%emt 00:00:05]} 3. Bg2
{[%clk 01:29:27]} {[%emt 00:00:05]} g6 {[%clk 01:28:56]} {[%emt 00:00:06]} 4.
b3 {[%clk 01:28:42]} {[%emt 00:00:55]} Bg7 {[%clk 01:28:56]} {[%emt 00:00:08]}
5. Bb2 {[%clk 01:28:42]} {[%emt 00:00:03]} d6 {[%clk 01:28:56]} {[%emt
00:00:07]} 6. d4 {[%clk 01:28:42]} {[%emt 00:00:05]} O-O {[%clk 01:28:56]}
{[%emt 00:00:05]} 7. O-O {[%clk 01:28:42]} {[%emt 00:00:05]} Ne4 {[%clk
01:28:56]} {[%emt 00:00:08]} 8. Nbd2 {[%clk 01:25:35]} {[%emt 00:03:17]} Nc6
{[%clk 01:28:33]} {[%emt 00:00:34]} 9. c4 {[%clk 01:22:33]} {[%emt 00:03:11]}
e5 {[%clk 01:28:31]} {[%emt 00:00:13]} 10. dxe5 {[%clk 01:17:40]} {[%emt
00:05:03]} Nxd2 {[%clk 01:28:31]} {[%emt 00:00:06]} 11. Qxd2 {[%clk 01:17:40]}
{[%emt 00:00:08]} dxe5 {[%clk 01:28:31]} {[%emt 00:00:04]} 12. Qd5+ {[%clk
01:17:14]} {[%emt 00:00:36]} Kh8 {[%clk 01:27:38]} {[%emt 00:01:03]} 13. Qxd8
{[%clk 01:12:28]} {[%emt 00:04:56]} Rxd8 {[%clk 01:27:38]} {[%emt 00:00:07]} 14.
Rad1 {[%clk 01:12:28]} {[%emt 00:00:05]} Be6 {[%clk 01:16:55]} {[%emt
00:10:53]} 15. Ng5 {[%clk 01:07:09]} {[%emt 00:05:29]} Bg8 {[%clk 01:16:50]}
{[%emt 00:00:15]} 16. Bxc6 {[%clk 01:07:09]} {[%emt 00:00:10]} bxc6 {[%clk
01:16:50]} {[%emt 00:00:03]} 17. Nf3 {[%clk 01:07:05]} {[%emt 00:00:12]} Re8
{[%clk 01:10:55]} {[%emt 00:06:06]} 18. Rd7 {[%clk 01:01:08]} {[%emt 00:06:06]}
Rac8 {[%clk 01:10:49]} {[%emt 00:00:17]} 19. Rfd1 {[%clk 00:59:50]} {[%emt
00:01:28]} Bf6 {[%clk 01:06:35]} {[%emt 00:04:24]} 20. h4 {[%clk 00:56:41]}
{[%emt 00:03:18]} h6 {[%clk 01:04:39]} {[%emt 00:02:07]} 21. Ne1 {[%clk
00:52:49]} {[%emt 00:04:02]} 1/2-1/2

[Event "2025 National K-12 Grade Championship"]
[Site "Spokane, WI USA, United States"]
[Date "2025.12.13"]
[Round "4.2"]
[White "Gardezi, Arsal"]
[Black "Sloan, Jed"]
[Result "0-1"]
[TimeControl "G/90; d10"]
[BlackTitle "CM"]
[WhiteFideId "30949521"]
[BlackFideId "30932289"]
[WhiteElo "2204"]
[BlackElo "2202"]

1. e4 {[%clk 01:29:16]} {[%emt 00:00:53]} c6 {[%clk 01:30:00]} {[%emt
00:00:04]} 2. d4 {[%clk 01:29:16]} {[%emt 00:00:06]} d5 {[%clk 01:30:00]}
{[%emt 00:00:08]} 3. e5 {[%clk 01:29:16]} {[%emt 00:00:04]} c5 {[%clk
01:30:00]} {[%emt 00:00:09]} 4. dxc5 {[%clk 01:29:10]} {[%emt 00:00:15]} e6
{[%clk 01:29:08]} {[%emt 00:01:03]} 5. Qh5 {[%clk 01:29:02]} {[%emt 00:00:16]}
Bxc5 {[%clk 01:17:01]} {[%emt 00:12:19]} 6. Bd3 {[%clk 01:28:53]} {[%emt
00:00:19]} Ne7 {[%clk 01:10:17]} {[%emt 00:06:54]} 7. Nf3 {[%clk 01:28:41]}
{[%emt 00:00:21]} Ng6 {[%clk 01:01:51]} {[%emt 00:08:37]} 8. O-O {[%clk
01:28:05]} {[%emt 00:00:45]} Nc6 {[%clk 01:00:19]} {[%emt 00:01:43]} 9. c3
{[%clk 01:27:58]} {[%emt 00:00:17]} Qc7 {[%clk 00:51:19]} {[%emt 00:09:10]} 10.
Re1 {[%clk 01:26:27]} {[%emt 00:01:39]} O-O {[%clk 00:50:38]} {[%emt 00:00:53]}
11. a4 {[%clk 01:24:49]} {[%emt 00:01:49]} a6 {[%clk 00:48:35]} {[%emt
00:02:12]} 12. b4 {[%clk 01:12:38]} {[%emt 00:12:20]} Ba7 {[%clk 00:43:25]}
{[%emt 00:05:21]} 13. Ra2 {[%clk 01:11:51]} {[%emt 00:00:57]} Nce7 {[%clk
00:41:20]} {[%emt 00:02:15]} 14. h4 {[%clk 01:09:07]} {[%emt 00:02:53]} f6
{[%clk 00:38:27]} {[%emt 00:03:04]} 15. exf6 {[%clk 01:05:48]} {[%emt
00:03:29]} gxf6 {[%clk 00:38:17]} {[%emt 00:00:20]} 16. Qh6 {[%clk 01:04:27]}
{[%emt 00:01:30]} Rf7 {[%clk 00:31:12]} {[%emt 00:07:15]} 17. h5 {[%clk
00:56:51]} {[%emt 00:07:46]} Nf8 {[%clk 00:30:17]} {[%emt 00:01:06]} 18. Rc2
{[%clk 00:56:16]} {[%emt 00:00:45]} Bd7 {[%emt 00:06:25]} 19. b5 {[%clk
00:54:56]} {[%emt 00:01:28]} axb5 {[%clk 00:23:55]} {[%emt 00:00:20]} 20. axb5
{[%clk 00:54:56]} {[%emt 00:00:02]} e5 {[%clk 00:23:48]} {[%emt 00:00:17]} 21.
c4 {[%clk 00:54:19]} {[%emt 00:00:46]} d4 {[%clk 00:23:01]} {[%emt 00:00:57]}
22. Rce2 {[%clk 00:49:09]} {[%emt 00:05:19]} Nf5 {[%clk 00:22:23]} {[%emt
00:00:49]} 23. Qd2 {[%clk 00:49:09]} {[%emt 00:00:09]} Nd6 {[%clk 00:21:12]}
{[%emt 00:01:20]} 24. Qd1 {[%clk 00:42:29]} {[%emt 00:06:50]} Ne6 {[%clk
00:20:15]} {[%emt 00:01:07]} 25. Rc2 {[%clk 00:42:05]} {[%emt 00:00:33]} Nc5
{[%clk 00:19:29]} {[%emt 00:00:58]} 26. Nh4 {[%clk 00:38:39]} {[%emt 00:03:35]}
e4 {[%clk 00:17:40]} {[%emt 00:02:00]} 27. Bf1 {[%clk 00:38:39]} {[%emt
00:00:05]} d3 {[%clk 00:16:11]} {[%emt 00:01:40]} 28. Rc3 {[%clk 00:38:39]}
{[%emt 00:00:04]} Bb6 {[%clk 00:15:38]} {[%emt 00:00:43]} 29. Bf4 {[%clk
00:37:30]} {[%emt 00:01:19]} Rg7 {[%clk 00:14:04]} {[%emt 00:01:45]} 30. g3
{[%clk 00:26:33]} {[%emt 00:11:05]} Rg4 {[%clk 00:12:18]} {[%emt 00:01:56]} 31.
Ng2 {[%clk 00:26:07]} {[%emt 00:00:37]} Kh8 {[%clk 00:05:13]} {[%emt 00:07:15]}
32. Ne3 {[%clk 00:25:09]} {[%emt 00:01:07]} Rxf4 {[%clk 00:05:13]} {[%emt
00:00:02]} 33. Nd5 {[%clk 00:20:36]} {[%emt 00:04:43]} Qd8 {[%clk 00:05:01]}
{[%emt 00:00:21]} 34. Nxb6 {[%clk 00:19:28]} {[%emt 00:01:18]} Qxb6 {[%clk
00:04:48]} {[%emt 00:00:24]} 35. gxf4 {[%clk 00:18:55]} {[%emt 00:00:43]} Rg8+
{[%clk 00:04:23]} {[%emt 00:00:35]} 36. Kh1 {[%clk 00:18:27]} {[%emt 00:00:38]}
Na4 {[%clk 00:03:50]} {[%emt 00:00:44]} 37. Qd2 {[%clk 00:18:27]} {[%emt
00:00:07]} Nxc3 {[%clk 00:03:48]} {[%emt 00:00:13]} 38. Qxc3 {[%clk 00:18:23]}
{[%emt 00:00:13]} Ne8 {[%clk 00:02:36]} {[%emt 00:01:21]} 39. c5 {[%clk
00:17:22]} {[%emt 00:01:11]} Qe6 {[%clk 00:02:36]} {[%emt 00:00:07]} 40. Re3
{[%clk 00:14:46]} {[%emt 00:02:46]} Qg4 {[%clk 00:02:36]} {[%emt 00:00:08]} 41.
Rg3 {[%clk 00:14:19]} {[%emt 00:00:37]} Qh4+ {[%clk 00:02:26]} {[%emt
00:00:21]} 42. Kg1 {[%clk 00:13:58]} {[%emt 00:00:30]} Rxg3+ {[%clk 00:02:26]}
{[%emt 00:00:05]} 43. fxg3 {[%clk 00:13:58]} {[%emt 00:00:06]} Qxg3+ {[%clk
00:02:26]} {[%emt 00:00:01]} 44. Kh1 {[%clk 00:13:25]} {[%emt 00:00:43]} Bg4
{[%clk 00:02:10]} {[%emt 00:00:26]} 45. Nd2 {[%clk 00:08:35]} {[%emt 00:05:01]}
Qf2 {[%clk 00:01:57]} {[%emt 00:00:22]} 46. Bg2 {[%clk 00:07:26]} {[%emt
00:01:19]} e3 {[%clk 00:01:49]} {[%emt 00:00:18]} 47. Ne4 {[%clk 00:07:17]}
{[%emt 00:00:19]} Qh4+ {[%clk 00:01:49]} {[%emt 00:00:08]} 48. Kg1 {[%clk
00:07:11]} {[%emt 00:00:16]} d2 {[%clk 00:01:49]} {[%emt 00:00:10]} 49. Nxd2
{[%clk 00:07:02]} {[%emt 00:00:20]} Qf2+ {[%clk 00:01:49]} {[%emt 00:00:09]} 50.
Kh2 {[%clk 00:07:02]} {[%emt 00:00:06]} exd2 {[%clk 00:01:49]} {[%emt
00:00:10]} 0-1

[Event "2025 National K-12 Grade Championship"]
[Site "Spokane, WI USA, United States"]
[Date "2025.12.13"]
[Round "4.3"]
[White "Chakravarty, Aritro"]
[Black "Rodriguez, Alec"]
[Result "1-0"]
[TimeControl "G/90; d10"]
[WhiteFideId "30976847"]
[WhiteElo "2234"]
[BlackElo "1776"]

1. d4 {[%clk 01:30:00]} {[%emt 00:00:06]} Nf6 {[%clk 01:29:57]} {[%emt
00:00:13]} 2. Bg5 {[%clk 01:30:00]} {[%emt 00:00:03]} g6 {[%clk 01:29:35]}
{[%emt 00:00:32]} 3. Bxf6 {[%clk 01:30:00]} {[%emt 00:00:05]} exf6 {[%clk
01:29:29]} {[%emt 00:00:16]} 4. c4 {[%clk 01:29:34]} {[%emt 00:00:36]} Bg7
{[%clk 01:28:04]} {[%emt 00:01:35]} 5. g3 {[%clk 01:29:24]} {[%emt 00:00:21]}
c6 {[%clk 01:26:19]} {[%emt 00:01:54]} 6. Nc3 {[%clk 01:29:20]} {[%emt
00:00:14]} O-O {[%clk 01:25:23]} {[%emt 00:01:06]} 7. Bg2 {[%clk 01:29:20]}
{[%emt 00:00:02]} d6 {[%clk 01:23:38]} {[%emt 00:01:55]} 8. e3 {[%clk
01:29:03]} {[%emt 00:00:28]} Re8 {[%clk 01:21:34]} {[%emt 00:02:13]} 9. Nge2
{[%clk 01:28:58]} {[%emt 00:00:15]} f5 {[%clk 01:19:40]} {[%emt 00:02:04]} 10.
O-O {[%clk 01:28:58]} {[%emt 00:00:05]} Nd7 {[%clk 01:19:08]} {[%emt 00:00:43]}
11. Qd3 {[%clk 01:28:08]} {[%emt 00:00:59]} Nf6 {[%clk 01:18:25]} {[%emt
00:00:53]} 12. Rfc1 {[%clk 01:24:48]} {[%emt 00:03:30]} Bd7 {[%clk 01:18:07]}
{[%emt 00:00:29]} 13. b4 {[%clk 01:24:08]} {[%emt 00:00:49]} h5 {[%clk
01:15:11]} {[%emt 00:03:05]} 14. a4 {[%clk 01:19:49]} {[%emt 00:04:31]} Rb8
{[%clk 01:12:49]} {[%emt 00:02:32]} 15. b5 {[%clk 01:19:40]} {[%emt 00:00:18]}
Qc7 {[%clk 01:05:17]} {[%emt 00:07:42]} 16. Rab1 {[%clk 01:15:26]} {[%emt
00:04:23]} Bh6 {[%clk 00:55:03]} {[%emt 00:10:24]} 17. h4 {[%clk 01:12:43]}
{[%emt 00:02:53]} Ng4 {[%clk 00:53:32]} {[%emt 00:01:42]} 18. Nf4 {[%clk
01:12:11]} {[%emt 00:00:42]} Kh7 {[%clk 00:46:00]} {[%emt 00:07:42]} 19. Rc2
{[%clk 01:08:05]} {[%emt 00:04:16]} Re7 {[%clk 00:41:42]} {[%emt 00:04:28]} 20.
Nce2 {[%clk 00:55:15]} {[%emt 00:13:00]} Rbe8 {[%clk 00:39:56]} {[%emt
00:01:56]} 21. Rc3 {[%clk 00:52:13]} {[%emt 00:03:12]} Nf6 {[%clk 00:36:29]}
{[%emt 00:03:37]} 22. Rcb3 {[%clk 00:50:30]} {[%emt 00:01:53]} b6 {[%clk
00:35:44]} {[%emt 00:00:55]} 23. bxc6 {[%clk 00:47:49]} {[%emt 00:02:50]} Bxc6
{[%clk 00:35:39]} {[%emt 00:00:15]} 24. Bxc6 {[%clk 00:46:19]} {[%emt
00:01:40]} Qxc6 {[%clk 00:35:39]} {[%emt 00:00:07]} 25. d5 {[%clk 00:40:53]}
{[%emt 00:05:36]} Qc8 {[%clk 00:32:25]} {[%emt 00:03:25]} 26. Nd4 {[%clk
00:35:32]} {[%emt 00:05:30]} Ng4 {[%clk 00:32:07]} {[%emt 00:00:28]} 27. Nc6
{[%clk 00:31:22]} {[%emt 00:04:21]} Rc7 {[%clk 00:31:49]} {[%emt 00:00:28]} 28.
a5 {[%clk 00:30:15]} {[%emt 00:01:17]} Ne5 {[%clk 00:31:38]} {[%emt 00:00:21]}
29. Nxe5 {[%clk 00:29:20]} {[%emt 00:01:04]} Rxe5 {[%clk 00:31:03]} {[%emt
00:00:46]} 30. axb6 {[%clk 00:28:53]} {[%emt 00:00:36]} axb6 {[%clk 00:30:34]}
{[%emt 00:00:39]} 31. Rxb6 {[%clk 00:27:04]} {[%emt 00:01:59]} Rd7 {[%clk
00:25:28]} {[%emt 00:05:16]} 32. Rc6 {[%clk 00:25:18]} {[%emt 00:01:56]} Qa8
{[%clk 00:25:07]} {[%emt 00:00:31]} 33. Qb3 {[%clk 00:21:05]} {[%emt 00:04:24]}
Bxf4 {[%clk 00:21:17]} {[%emt 00:04:00]} 34. gxf4 {[%clk 00:19:23]} {[%emt
00:01:52]} Re8 {[%clk 00:21:09]} {[%emt 00:00:18]} 35. Kg2 {[%clk 00:17:11]}
{[%emt 00:02:22]} Qd8 {[%clk 00:21:05]} {[%emt 00:00:14]} 36. Kg3 {[%clk
00:16:15]} {[%emt 00:01:05]} Qe7 {[%clk 00:20:28]} {[%emt 00:00:47]} 37. Qd3
{[%clk 00:14:56]} {[%emt 00:01:29]} Kg7 {[%clk 00:16:49]} {[%emt 00:03:50]} 38.
Qd4+ {[%clk 00:14:45]} {[%emt 00:00:20]} f6 {[%emt 00:00:32]} 39. Rcb6 {[%clk
00:14:10]} {[%emt 00:00:43]} Kf7 {[%clk 00:15:27]} {[%emt 00:01:13]} 40. Rb8
{[%clk 00:13:46]} {[%emt 00:00:33]} g5 {[%clk 00:14:38]} {[%emt 00:00:59]} 41.
fxg5 {[%clk 00:10:49]} {[%emt 00:03:07]} fxg5 {[%clk 00:13:20]} {[%emt
00:01:28]} 42. Rxe8 {[%clk 00:10:39]} {[%emt 00:00:20]} f4+ {[%clk 00:05:42]}
{[%emt 00:07:49]} 43. Kh2 {[%clk 00:08:44]} {[%emt 00:01:47]} Qxe8 {[%clk
00:05:31]} {[%emt 00:00:38]} 44. hxg5 {[%clk 00:08:44]} {[%emt 00:00:09]} Qe7
{[%clk 00:04:25]} {[%emt 00:01:17]} 45. Qxf4+ {[%clk 00:08:32]} {[%emt
00:00:21]} Kg6 {[%clk 00:04:12]} {[%emt 00:00:23]} 46. Rb8 {[%clk 00:07:35]}
{[%emt 00:01:07]} Rd8 {[%clk 00:03:28]} {[%emt 00:00:55]} 47. Rxd8 {[%clk
00:07:30]} {[%emt 00:00:15]} Qxd8 {[%clk 00:03:28]} {[%emt 00:00:07]} 48. Qf6+
{[%clk 00:07:07]} {[%emt 00:00:34]} Qxf6 {[%clk 00:03:26]} {[%emt 00:00:12]} 49.
gxf6 {[%clk 00:07:07]} {[%emt 00:00:01]} Kxf6 {[%clk 00:03:26]} {[%emt
00:00:10]} 50. Kg3 {[%clk 00:07:07]} {[%emt 00:00:07]} Kf5 {[%clk 00:02:57]}
{[%emt 00:00:39]} 51. f3 {[%clk 00:07:05]} {[%emt 00:00:12]} Kg5 {[%clk
00:02:50]} {[%emt 00:00:17]} 52. Kh3 {[%clk 00:06:47]} {[%emt 00:00:28]} h4
{[%clk 00:02:47]} {[%emt 00:00:12]} 53. e4 {[%clk 00:06:28]} {[%emt 00:00:30]}
Kf4 {[%clk 00:02:41]} {[%emt 00:00:16]} 54. c5 {[%emt 00:00:55]} dxc5 {[%clk
00:02:22]} {[%emt 00:00:03]} 55. d6 {[%clk 00:06:09]} {[%emt 00:00:02]} 1-0

[Event "2025 National K-12 Grade Championship"]
[Site "Spokane, WI USA, United States"]
[Date "2025.12.13"]
[Round "4.4"]
[White "Singi, Advay"]
[Black "Vikas, Hema"]
[Result "1-0"]
[TimeControl "G/90; d10"]
[BlackTitle "WCM"]
[WhiteFideId "39903141"]
[WhiteElo "1987"]
[BlackElo "2057"]

1. g3 {[%clk 01:30:00]} {[%emt 00:00:01]} c5 {[%clk 01:29:59]} {[%emt
00:00:12]} 2. Bg2 {[%clk 01:30:00]} {[%emt 00:00:07]} Nf6 {[%clk 01:29:43]}
{[%emt 00:00:25]} 3. c4 {[%clk 01:29:58]} {[%emt 00:00:13]} e5 {[%clk
01:29:28]} {[%emt 00:00:25]} 4. Nc3 {[%clk 01:29:58]} {[%emt 00:00:07]} Nc6
{[%clk 01:28:38]} {[%emt 00:01:02]} 5. d3 {[%clk 01:29:56]} {[%emt 00:00:11]}
Be7 {[%clk 01:28:21]} {[%emt 00:00:27]} 6. a3 {[%clk 01:29:54]} {[%emt
00:00:12]} O-O {[%clk 01:27:18]} {[%emt 00:01:13]} 7. Rb1 {[%clk 01:29:54]}
{[%emt 00:00:04]} a6 {[%clk 01:25:50]} {[%emt 00:01:39]} 8. Nd5 {[%clk
01:28:56]} {[%emt 00:01:07]} Nxd5 {[%clk 01:23:52]} {[%emt 00:02:08]} 9. Bxd5
{[%clk 01:28:51]} {[%emt 00:00:16]} d6 {[%clk 01:20:34]} {[%emt 00:03:28]} 10.
f4 {[%clk 01:28:42]} {[%emt 00:00:18]} exf4 {[%clk 01:18:21]} {[%emt 00:02:23]}
11. Bxf4 {[%clk 01:28:42]} {[%emt 00:00:08]} Be6 {[%clk 01:18:19]} {[%emt
00:00:13]} 12. Nf3 {[%clk 01:27:30]} {[%emt 00:01:22]} Bf6 {[%clk 01:15:25]}
{[%emt 00:03:04]} 13. O-O {[%clk 01:27:21]} {[%emt 00:00:19]} Bxd5 {[%clk
01:15:08]} {[%emt 00:00:27]} 14. cxd5 {[%clk 01:27:21]} {[%emt 00:00:02]} Nd4
{[%clk 01:14:49]} {[%emt 00:00:29]} 15. Nd2 {[%clk 01:25:06]} {[%emt 00:02:24]}
Nf5 {[%clk 01:12:09]} {[%emt 00:02:51]} 16. Ne4 {[%clk 01:24:49]} {[%emt
00:00:27]} Bd4+ {[%clk 01:11:03]} {[%emt 00:01:17]} 17. Kh1 {[%clk 01:24:40]}
{[%emt 00:00:17]} Qd7 {[%clk 01:01:47]} {[%emt 00:09:26]} 18. g4 {[%clk
01:22:16]} {[%emt 00:02:35]} Ne7 {[%clk 00:57:49]} {[%emt 00:04:08]} 19. e3
{[%clk 01:16:39]} {[%emt 00:05:47]} Be5 {[%clk 00:57:27]} {[%emt 00:00:32]} 20.
Bxe5 {[%clk 01:16:38]} {[%emt 00:00:10]} dxe5 {[%clk 00:57:27]} {[%emt
00:00:09]} 21. d6 {[%clk 01:16:38]} {[%emt 00:00:03]} Nc8 {[%clk 00:55:52]}
{[%emt 00:01:45]} 22. Nxc5 {[%clk 01:15:21]} {[%emt 00:01:27]} Qc6+ {[%clk
00:55:33]} {[%emt 00:00:29]} 23. Ne4 {[%clk 01:15:21]} {[%emt 00:00:05]} Nxd6
{[%clk 00:54:21]} {[%emt 00:01:22]} 24. Rc1 {[%clk 01:15:09]} {[%emt 00:00:22]}
Qb6 {[%clk 00:54:07]} {[%emt 00:00:24]} 25. Nxd6 {[%clk 01:14:49]} {[%emt
00:00:30]} Qxd6 {[%clk 00:54:07]} {[%emt 00:00:06]} 26. Qb3 {[%clk 01:14:22]}
{[%emt 00:00:36]} b5 {[%clk 00:52:06]} {[%emt 00:02:12]} 27. e4 {[%clk
01:13:37]} {[%emt 00:00:54]} Rad8 {[%clk 00:51:39]} {[%emt 00:00:37]} 28. Rf3
{[%clk 01:13:37]} {[%emt 00:00:05]} Rd7 {[%clk 00:48:37]} {[%emt 00:03:13]} 29.
Rcf1 {[%clk 01:12:26]} {[%emt 00:01:20]} Re7 {[%clk 00:47:00]} {[%emt
00:01:48]} 30. a4 {[%clk 01:11:10]} {[%emt 00:01:26]} Qe6 {[%clk 00:46:23]}
{[%emt 00:00:47]} 31. Qxe6 {[%clk 01:10:41]} {[%emt 00:00:39]} Rxe6 {[%clk
00:46:23]} {[%emt 00:00:07]} 32. axb5 {[%clk 01:10:41]} {[%emt 00:00:05]} axb5
{[%clk 00:46:23]} {[%emt 00:00:05]} 33. Rc1 {[%clk 01:10:41]} {[%emt 00:00:08]}
f6 {[%clk 00:45:57]} {[%emt 00:00:37]} 34. Rc5 {[%clk 01:10:37]} {[%emt
00:00:13]} Rb8 {[%clk 00:45:52]} {[%emt 00:00:16]} 35. Kg2 {[%clk 01:10:17]}
{[%emt 00:00:30]} Ra6 {[%clk 00:45:38]} {[%emt 00:00:25]} 36. g5 {[%clk
01:09:27]} {[%emt 00:01:00]} Rb7 {[%clk 00:43:42]} {[%emt 00:02:06]} 37. Kg3
{[%clk 01:08:41]} {[%emt 00:00:54]} Rd6 {[%clk 00:41:06]} {[%emt 00:02:46]} 38.
Kg4 {[%clk 01:07:51]} {[%emt 00:01:00]} b4 {[%clk 00:40:32]} {[%emt 00:00:46]}
39. gxf6 {[%clk 01:06:47]} {[%emt 00:01:14]} gxf6 {[%clk 00:40:32]} {[%emt
00:00:07]} 40. Kf5 {[%clk 01:06:34]} {[%emt 00:00:22]} Rg7 {[%clk 00:27:55]}
{[%emt 00:12:47]} 41. Rg3 {[%clk 01:03:06]} {[%emt 00:03:38]} Rxg3 {[%clk
00:27:18]} 42. hxg3 {[%clk 01:03:06]} Rxd3 {[%clk 00:26:16]} {[%emt 00:01:12]}
43. Kxf6 {[%clk 01:03:06]} {[%emt 00:00:07]} Rf3+ {[%clk 00:26:01]} {[%emt
00:00:26]} 44. Kxe5 {[%clk 01:03:06]} {[%emt 00:00:08]} Rxg3 {[%clk 00:26:01]}
{[%emt 00:00:06]} 45. Rc2 {[%clk 01:02:48]} {[%emt 00:00:28]} b3 {[%clk
00:25:25]} {[%emt 00:00:46]} 46. Rd2 {[%clk 01:02:45]} {[%emt 00:00:13]} Kf7
{[%clk 00:25:03]} {[%emt 00:00:32]} 47. Kd6 {[%clk 01:02:30]} {[%emt 00:00:25]}
Rg6+ {[%clk 00:23:36]} {[%emt 00:01:37]} 48. Kd5 {[%clk 01:02:30]} {[%emt
00:00:08]} h5 {[%clk 00:20:17]} {[%emt 00:03:29]} 49. Rf2+ {[%clk 01:02:02]}
{[%emt 00:00:37]} Ke7 {[%clk 00:20:14]} {[%emt 00:00:14]} 50. Rh2 {[%clk
01:02:02]} {[%emt 00:00:07]} Rd6+ {[%clk 00:18:45]} {[%emt 00:01:38]} 51. Kc4
{[%clk 01:02:01]} {[%emt 00:00:11]} Re6 {[%clk 00:18:27]} {[%emt 00:00:28]} 52.
Rh4 {[%clk 01:01:50]} {[%emt 00:00:21]} Kd6 {[%clk 00:18:12]} {[%emt 00:00:26]}
53. Kxb3 {[%clk 01:01:37]} {[%emt 00:00:23]} Re5 {[%clk 00:17:15]} {[%emt
00:01:06]} 54. Ka4 {[%clk 01:01:04]} {[%emt 00:00:43]} Kc5 {[%clk 00:16:32]}
{[%emt 00:00:54]} 55. b4+ {[%clk 01:01:04]} {[%emt 00:00:07]} Kb6 {[%clk
00:15:24]} {[%emt 00:01:18]} 56. Kb3 {[%clk 01:00:58]} {[%emt 00:00:15]} Rg5
{[%clk 00:13:16]} {[%emt 00:02:18]} 57. Kc4 {[%clk 01:00:48]} {[%emt 00:00:20]}
Re5 {[%clk 00:12:56]} {[%emt 00:00:31]} 58. Rf4 {[%clk 01:00:48]} {[%emt
00:00:10]} Re6 {[%clk 00:11:43]} {[%emt 00:01:23]} 59. Kd5 {[%clk 01:00:48]}
{[%emt 00:00:07]} Rg6 {[%clk 00:10:42]} {[%emt 00:01:12]} 60. e5 {[%clk
01:00:39]} {[%emt 00:00:18]} Kc7 {[%clk 00:10:20]} {[%emt 00:00:32]} 61. b5
{[%clk 01:00:13]} {[%emt 00:00:36]} Rb6 {[%clk 00:09:24]} {[%emt 00:01:06]} 62.
Rf7+ {[%clk 00:59:44]} {[%emt 00:00:39]} Kd8 {[%clk 00:09:17]} {[%emt
00:00:17]} 63. Kc5 {[%clk 00:59:44]} {[%emt 00:00:06]} Re6 {[%clk 00:09:07]}
{[%emt 00:00:21]} 64. Rf5 {[%clk 00:59:30]} {[%emt 00:00:23]} h4 {[%clk
00:08:57]} {[%emt 00:00:19]} 65. Rh5 {[%clk 00:59:18]} {[%emt 00:00:22]} h3
{[%clk 00:08:49]} {[%emt 00:00:19]} 66. Rxh3 {[%clk 00:59:18]} {[%emt
00:00:10]} Rxe5+ {[%clk 00:08:48]} {[%emt 00:00:12]} 67. Kb6 {[%clk 00:59:18]}
{[%emt 00:00:05]} Re6+ {[%clk 00:08:30]} {[%emt 00:00:28]} 68. Ka7 {[%clk
00:59:18]} {[%emt 00:00:10]} Re7+ {[%clk 00:08:06]} {[%emt 00:00:34]} 69. Ka6
{[%clk 00:58:45]} {[%emt 00:00:43]} Re1 {[%clk 00:05:10]} {[%emt 00:03:05]} 70.
Rc3 {[%clk 00:57:29]} {[%emt 00:01:26]} Kd7 {[%clk 00:03:44]} {[%emt 00:01:37]}
71. b6 {[%clk 00:57:29]} {[%emt 00:00:05]} Ra1+ {[%clk 00:03:44]} {[%emt
00:00:08]} 72. Kb7 {[%clk 00:57:29]} {[%emt 00:00:05]} Ra5 {[%clk 00:03:44]}
{[%emt 00:00:10]} 73. Kb8 {[%clk 00:57:28]} {[%emt 00:00:10]} Ra6 {[%clk
00:03:44]} {[%emt 00:00:06]} 74. b7 {[%clk 00:57:28]} {[%emt 00:00:06]} Ra1
{[%clk 00:03:44]} {[%emt 00:00:01]} 75. Rd3+ {[%clk 00:57:25]} {[%emt
00:00:13]} Kc6 {[%clk 00:03:44]} {[%emt 00:00:03]} 76. Kc8 {[%clk 00:57:19]}
{[%emt 00:00:16]} 1-0